000 00658nam a2200145 a 4500
008 120416s1967 ||||||||||||||||| || u
050 _aDT 8778 Mul
100 _aMulford, David C
245 1 0 _aZambia: the politics of independence 1957-1964
_cBy David C. Mulford
260 _aLondon
_bOxford University Press
_c1967
300 _aix, 362p.
350 _a0.00
995 _aMAIN LIBRARY OPEN ACCESS
_D0.00
_e018957
_FCBU-MAIN LIBRARY (Kitwe)
_H1
_I3.75
_jDT 8778 Mul
_UAVAILABLE
_y018957
_ZMain Library Open Access Collection
995 _aSPECIAL COLLECTIONS
_D0.00
_e715623
_FCBU-MAIN LIBRARY (Kitwe)
_H2
_I3.75
_jZAM DT 8778 Mul
_M2
_UAVAILABLE
_y018642
_ZZambiana Collection
999 _c83415
_d83415